000 01255nam a2200229Ia 4500
001 A235-34955
003 IT-CnALBA
008 170116s9999||||xx |||||||||||||| ||und||
040 _aIT-CnALBA
_cIT-CnALBA
041 _aITALIANO
100 _aGALLIZIA P. GIACINTO, CANONICO
245 0 _aATTI DEI SANTI CHE FURONO NEI DOMINI DELLA REALE CASA DI SAVOIA. TOMO VI.
250 _a1a ed.
260 _aTORINO
_bREGIA TYPOGRAPHIA OFFICINA.
_c1757 [1° Ed.:1757 - Ed.Ling.Originale: 1757]
300 _a411 p.
500 _aBEATO GUGLIELMO ARNALDI CERTOSINO. BEATO ANGELO DA CIVASSO. BEATO AMEDEO DUCA DI SAVOIA. BEATO ALERINO DÈ RAMBALDI VESCOVO DI ALBA. BEATO TODEO VESCOVO DI IRLANDA. BEATA PAOLA DI BENE. BEATO ARCANGELO DI TORINO. BEATO BARTOLOMEO DA CERVERE. BEATO BERNARDO
501 _aSocietà San Paolo EM - Piazza San Paolo, 14 - 12051 ALBA (CN) (non commercial uses only) ® Copyright 2017
520 _aBEATO GUGLIELMO ARNALDI CERTOSINO. BEATO ANGELO DA CIVASSO. BEATO AMEDEO DUCA DI SAVOIA. BEATO ALERINO DÈ RAMBALDI VESCOVO DI ALBA. BEATO TODEO VESCOVO DI IRLANDA. BEATA PAOLA DI BENE. BEATO ARCANGELO DI TORINO. BEATO BARTOLOMEO DA CERVERE. BEATO BERNARDO
650 _aANGELI SANTI DEMONI
942 _cBK
957 _71
999 _a39724
_bSI
_g Copie: 1
_c293787
_d293787